Carregant...

Bharatiya rashtravad evam ithihas lekhan ki pravrithiyam

Dades bibliogràfiques
Autor principal: Sachin Rai
Format: Printed Book
Publicat: New Delhi Anamika 2013
Matèries:
LEADER 00535nam a22001577a 4500
020 |a 978-81-7975-555-6 
082 |a H 320  |b SAC/B 
100 |a Sachin Rai 
245 |a Bharatiya rashtravad evam ithihas lekhan ki pravrithiyam 
260 |a New Delhi  |b Anamika  |c 2013 
650 |a Politics 
650 |a Social Science 
650 |a Political Science 
942 |c BK 
999 |c 52674  |d 52674 
952 |0 0  |1 0  |4 0  |6 H_320_000000000000000_SAC_B  |7 0  |9 76428  |a SSUS  |b SSUS  |c STACKS  |d 2015-05-05  |g 475.00  |l 1  |o H 320 SAC/B  |p 075022  |r 2019-01-10  |s 2018-07-23  |w 2015-05-05  |y BK